01079cam a2200289 a 4500001000500000005001700005008004100022020001500063040002300078050002300101082000800124100004200132245009800174250004500272260000900317300004200326490003300368505000800401520019400409521002000603521002000623650003500643650002200678650002300700650003500723700003100758141820230824095055.0980804s1998 ilua c 000 1 eng  a0590762753 aDLCcDLCdDLCbeng00aPZ7.W244bMuf 199800aFic1 aWarner, Gertrude Chandlerd1890-1979.14aThe mystery of the stolen sword c by Gertrude Chandler Warner ; illustrated by Charles Tang. aFirst Scholastic printing, November 1998 c1998 a121 pages : billustrations ;c20 cm 1 aThe boxcar childrenvBook 67 aQ  aThe Alden children visit a family friend at his apple orchard which is rumored to be haunted, but instead of a ghost they find that some of the families' valuable antiques are being stolen. a660 bLexile  aQ bRaz-Plus  1aBrothers and sistersxFiction. 1aOrphansxFiction. 1aOrchardsxFiction. 1aMystery and detective stories.1 aTang, Charleseillustrator